Statistiken für Düsseldorf - Quiz

Klicken Sie hier um das Quiz zu spielen!

Allgemein

  • Dieses Quiz wurde 85 mal gespielt
  • Das Durchschnittsergebnis liegt bei 12 aus 20

Antwortstatistiken

HinweisAntwort% Korrekt
Düsseldorf ist die Hauptstadt dieses BundeslandesNordrhein-Westfalen
100%
Die einzige Stadt in dem Bundesland, die größer als Düsseldorf istKöln
99%
Größter FlussRhein
96%
Für die Stadt namensgebender FlussDüssel
90%
Musikgruppe aus Düsseldorf, die unter anderem für Hits wie „Tage wie diese“ bekannt istDie Toten Hosen
85%
Größter FußballvereinFortuna Düsseldorf
85%
Boulevard und eine der führenden Luxuseinkaufsstraßen Europas, kurz „Kö“ genanntKönigsallee
82%
Benachbarte kreisfreie StadtDuisburg
73%
Brauchtum, das vor Aschermittwoch gefeiert wirdKarneval
72%
Deutscher Dichter, Schriftsteller und Journalist (* 1797), nach dem die Universität Düsseldorfs benannt wurdeHeinrich Heine
68%
Benachbarte KreiseKreis Mettmann
60%
Erfolgreichster deutscher Tischtennisspieler, der seit 2006 bei Borussia Düsseldorf aktiv istTimo Boll
54%
Börsennotierter deutscher Rüstungskonzern mit Sitz in DüsseldorfRheinmetall
47%
Höchstes GebäudeRheinturm
40%
Nachbarstadt Düsseldorfs in einem der oben gesuchten Kreise mit dem niedrigsten Gewerbesteuerhebesatz im BundeslandMonheim am Rhein
31%
Benachbarte KreiseRhein-Kreis Neuss
28%
Historisch betrachtet gehört Düsseldorf zu dieser RegionBergisches Land
26%
Die Skyline der Stadt prägende SchrägseilbrückeRheinkniebrücke
24%
Börsennotierter deutscher Konzern von Großhandelsunternehmen mit Hauptsitz in DüsseldorfMetro
23%
Spitzname Peter Kürtens, für den der Begriff Serienmörder erfunden wurdeVampir von Düsseldorf
18%

Verteilung der Resultate

Perzentil nach korrekt beantworteten Fragen

Anzahl Personen mit jedem Resultat

Ihre Resultats-Entwicklung

Sie haben dieses Quiz noch nicht gespielt